PHARMACEUTICAL ENGINEERING (Record no. 32987)

MARC details
000 -LEADER
fixed length control field 00334nam a22001457a 4500
003 - CONTROL NUMBER IDENTIFIER
control field SGT
020 ## - INTERNATIONAL STANDARD BOOK NUMBER
International Standard Book Number 938426644-2
082 ## - DEWEY DECIMAL CLASSIFICATION NUMBER
Classification number 615.1
Item number PAN
100 ## - MAIN ENTRY--PERSONAL NAME
Personal name PANDEY, PRASHANT
245 ## - TITLE STATEMENT
Title PHARMACEUTICAL ENGINEERING
260 ## - PUBLICATION, DISTRIBUTION, ETC. (IMPRINT)
Place of publication, distribution, etc INDIA
Name of publisher, distributor, etc BIRLA PUB.
Year of Publication 2027
300 ## - PAGE DESCRIPTION
No. of Pages 184
650 ## - SUBJECT ADDED ENTRY--TOPICAL TERM
Topical term or geographic name as entry element PHARMACEUTICAL ENGINEERING
942 ## - ADDED ENTRY ELEMENTS (KOHA)
Source of classification or shelving scheme Dewey Decimal Classification
Koha item type Books
Holdings
Withdrawn status Lost status Source of classification or shelving scheme Damaged status Not for loan Collection code Home library Current library Shelving location Date acquired Vendor Name Cost, normal purchase price SGTU Bill Number Total Checkouts Full call number Accession No. (Barcode) Date last seen Bill Date Koha item type
    Dewey Decimal Classification     SCIENCE SGT Science & Social Sciences Library SGT Science & Social Sciences Library Text Book 29/10/2025 ABC 250.00 SGTU 21721   615.1 PAN DP1126 29/10/2025 17/09/2025 Books
    Dewey Decimal Classification     SCIENCE SGT Science & Social Sciences Library SGT Science & Social Sciences Library Text Book 29/10/2025 ABC 250.00 SGTU 21721   615.1 PAN DP1127 29/10/2025 17/09/2025 Books
    Dewey Decimal Classification     SCIENCE SGT Science & Social Sciences Library SGT Science & Social Sciences Library Text Book 29/10/2025 ABC 250.00 SGTU 21721   615.1 PAN DP1128 29/10/2025 17/09/2025 Books
    Dewey Decimal Classification     SCIENCE SGT Science & Social Sciences Library SGT Science & Social Sciences Library Text Book 29/10/2025 ABC 250.00 SGTU 21721   615.1 PAN DP1129 29/10/2025 17/09/2025 Books
    Dewey Decimal Classification     SCIENCE SGT Science & Social Sciences Library SGT Science & Social Sciences Library Text Book 29/10/2025 ABC 250.00 SGTU 21721   615.1 PAN DP1130 29/10/2025 17/09/2025 Books